| 000 | 00411cam a2200169ua 4500 | ||
|---|---|---|---|
| 041 |
_aeng _h |
||
| 082 |
_a425 _bDON/PL |
||
| 100 | _aDonald, N F . | ||
| 245 |
_aPlanned interpretation / _cN F Donald. _hTextual Documents |
||
| 250 |
_a1 / _b. |
||
| 260 |
_aLondon : _bOxford University Press , _c1964. |
||
| 300 | _a232 ; . | ||
| 504 | _a | ||
| 700 | 1 | _aBell, Harry . | |
| 942 | _cBK | ||
| 999 |
_c8612 _d8612 |
||